| 000 | 00000nam##2200000za#4500 |
| 001 | 9.600791 |
| 003 | CaOODSP |
| 005 | 20210624205745 |
| 007 | cr ||||||||||| |
| 008 | 150406|2003||||xxc|||||o f|0| 0 fre|d |
| 040 | |aCaOODSP|bfre |
| 043 | |an-cn--- |
| 086 | 1 |aNH18-1-2/153-2003F-PDF |
| 110 | 2 |aSociété canadienne d'hypothèques et de logement. |
| 245 | 10|aL'habitat autochtone et le genre : |h[ressource électronique]|bune approche sensible de la population crie de Chisasibi, rapport final de recherche / |c[par] V. Bhatt et M. Chagny. |
| 260 | |aOttawa - Ontario : |bSociété canadienne d'hypothèques et de logement |c[2003]. |
| 300 | |a145p.|bfigures (certaines en couleur), graphiques, cartes (certaines en couleur), références, tableau, photographies |
| 490 | 1 |aRapport de recherche |
| 546 | |a(Summary and Abstract in English.) |
| 590 | |a11-26-Supp|b2011-11-03 |
| 720 | 1 |aBhatt, V. |
| 720 | 1 |aChagny, M. |
| 830 | #0|aResearch report (Société canadienne d'hypothèques et de logement : En ligne)|w(CaOODSP)9.502470 |
| 856 | 40|ahttp://publications.gc.ca|qPDF|s2.20 Mo|uhttps://publications.gc.ca/collections/collection_2011/schl-cmhc/nh18-1-2/NH18-1-2-153-2003-fra.pdf |